Top 10 Most Famous Irish Bands and Singers - Statistics

General Stats
  • This quiz has been taken 15 times
  • The average score is 4 of 10
Answer Stats
Order Answer % Correct
1 U2
100%
7 Sinéad O'Connor
67%
3 The Cranberries
60%
2 Enya
53%
4 Van Morrison
53%
5 Thin Lizzy
33%
8 The Dubliners
20%
6 The Pogues:
20%
10 The Corrs
13%
9 Hozier
7%
No matching quizzes found
Score Distribution
Percent of People with Each Score
Percentile by Number Answered
Your Score History
You have not taken this quiz